<?xml version="1.0" encoding="UTF-8"?>
<record
    xmlns:xsi="http://www.w3.org/2001/XMLSchema-instance"
    xsi:schemaLocation="http://www.loc.gov/MARC21/slim http://www.loc.gov/standards/marcxml/schema/MARC21slim.xsd"
    xmlns="http://www.loc.gov/MARC21/slim">

  <leader>01566nas a2200277 454500</leader>
  <controlfield tag="001">5080</controlfield>
  <controlfield tag="005">20260407193504.0</controlfield>
  <controlfield tag="008">260407s1982####ag###########|||spa#d</controlfield>
  <controlfield tag="003">AR-UNSa-BCEJYS</controlfield>
  <datafield tag="040" ind1=" " ind2=" ">
    <subfield code="a">AR-UNSa-BCEJYS</subfield>
    <subfield code="b">spa</subfield>
    <subfield code="c">AR-UNSa-BCEJYS</subfield>
  </datafield>
  <datafield tag="080" ind1=" " ind2=" ">
    <subfield code="a">330</subfield>
    <subfield code="x">Econom&#xED;a en general</subfield>
  </datafield>
  <datafield tag="245" ind1="1" ind2="0">
    <subfield code="a">Estudios Econ&#xF3;micos</subfield>
  </datafield>
  <datafield tag="022" ind1=" " ind2=" ">
    <subfield code="a">0425-368X</subfield>
  </datafield>
  <datafield tag="264" ind1=" " ind2="1">
    <subfield code="a">Bah&#xED;a Blanca :</subfield>
    <subfield code="b">Universidad Nacional del Sur. Departamento de Ciencias Econ&#xF3;micas</subfield>
    <subfield code="c">1982</subfield>
  </datafield>
  <datafield tag="310" ind1=" " ind2=" ">
    <subfield code="a">Periodicidad: Semestral o Anual
Cambia de Director a partir del N&#xBA; 15/20 por Ricardo Bara
Cambia de Director a partir del N&#xBA; 25/26 por Elena O. de Guevara
Cambia de Director a partir del N&#xBA; 50 por Andrea Castellano
Cambia de Director a partir del N&#xBA; 68 por Germ&#xE1;n Gonz&#xE1;lez</subfield>
  </datafield>
  <datafield tag="505" ind1=" " ind2=" ">
    <subfield code="a">Estudios Econ&#xF3;micos publica trabajos sobre temas econ&#xF3;micos vinculados, sea en forma permanente o temporaria, con el Departamento de Econom&#xED;a de la Universidad Nacional del Sur. Ofrece adem&#xE1;s sus entregas, un an&#xE1;lisis de libros recientes, asi como una visi&#xF3;n sistem&#xE1;tica del material bibliogr&#xE1;fico que aparece en el campo de la Econom&#xED;a en un conjunto seleccionado de publicaciones peri&#xF3;dicas argentinas.</subfield>
  </datafield>
  <datafield tag="942" ind1=" " ind2=" ">
    <subfield code="c">SER</subfield>
  </datafield>
  <datafield tag="590" ind1=" " ind2=" ">
    <subfield code="a">niveau_biblio:s niveau_hierar:1</subfield>
  </datafield>
  <datafield tag="100" ind1="1" ind2=" ">
    <subfield code="a">Bacic, Uros</subfield>
  </datafield>
  <datafield tag="650" ind1=" " ind2=" ">
    <subfield code="a">Desarrollo econ&#xF3;mico y social</subfield>
  </datafield>
  <datafield tag="650" ind1=" " ind2=" ">
    <subfield code="a">Ciencias sociales</subfield>
  </datafield>
  <datafield tag="650" ind1=" " ind2=" ">
    <subfield code="a">Pol&#xED;tica econ&#xF3;mica</subfield>
  </datafield>
  <datafield tag="650" ind1=" " ind2=" ">
    <subfield code="a">Historia econ&#xF3;mica</subfield>
  </datafield>
  <datafield tag="650" ind1=" " ind2=" ">
    <subfield code="a">ECONOMIA</subfield>
  </datafield>
  <datafield tag="856" ind1="4" ind2="1">
    <subfield code="u">https://biblioeco.unsa.edu.ar/pmb/images/revistas/Estudios Economicos 2.jpg</subfield>
    <subfield code="y">Imagen de portada</subfield>
    <subfield code="q">image/jpeg</subfield>
  </datafield>
  <datafield tag="999" ind1=" " ind2=" ">
    <subfield code="c">8415</subfield>
    <subfield code="d">8415</subfield>
  </datafield>
  <datafield tag="952" ind1=" " ind2=" ">
    <subfield code="0">0</subfield>
    <subfield code="1">0</subfield>
    <subfield code="4">0</subfield>
    <subfield code="7">0</subfield>
    <subfield code="a">BCEJYS</subfield>
    <subfield code="b">BCEJYS</subfield>
    <subfield code="c">17</subfield>
    <subfield code="d">2024-01-01</subfield>
    <subfield code="h">Vol. 41, N&#xBA; 82 - ene./jun. 2024</subfield>
    <subfield code="l">0</subfield>
    <subfield code="o">H330 EST 82</subfield>
    <subfield code="p">R23349</subfield>
    <subfield code="r">2026-04-10 16:06:51</subfield>
    <subfield code="w">2026-04-10</subfield>
    <subfield code="y">RN</subfield>
  </datafield>
  <datafield tag="952" ind1=" " ind2=" ">
    <subfield code="0">0</subfield>
    <subfield code="1">0</subfield>
    <subfield code="4">0</subfield>
    <subfield code="7">0</subfield>
    <subfield code="a">BCEJYS</subfield>
    <subfield code="b">BCEJYS</subfield>
    <subfield code="c">17</subfield>
    <subfield code="d">2023-07-01</subfield>
    <subfield code="h">Vol. 40, N&#xBA; 81 - jul./dic. 2023</subfield>
    <subfield code="l">0</subfield>
    <subfield code="o">H330 EST 81</subfield>
    <subfield code="p">R23348</subfield>
    <subfield code="r">2026-04-10 16:06:51</subfield>
    <subfield code="w">2026-04-10</subfield>
    <subfield code="y">RN</subfield>
  </datafield>
  <datafield tag="952" ind1=" " ind2=" ">
    <subfield code="0">0</subfield>
    <subfield code="1">0</subfield>
    <subfield code="4">0</subfield>
    <subfield code="7">0</subfield>
    <subfield code="a">BCEJYS</subfield>
    <subfield code="b">BCEJYS</subfield>
    <subfield code="c">17</subfield>
    <subfield code="d">2023-01-01</subfield>
    <subfield code="h">Vol. 40, N&#xBA; 80 - ene./jun. 2023</subfield>
    <subfield code="l">0</subfield>
    <subfield code="o">H330 EST 80</subfield>
    <subfield code="p">R09702</subfield>
    <subfield code="r">2026-04-10 16:06:51</subfield>
    <subfield code="w">2026-04-10</subfield>
    <subfield code="y">RN</subfield>
  </datafield>
  <datafield tag="952" ind1=" " ind2=" ">
    <subfield code="0">0</subfield>
    <subfield code="1">0</subfield>
    <subfield code="4">0</subfield>
    <subfield code="7">0</subfield>
    <subfield code="a">BCEJYS</subfield>
    <subfield code="b">BCEJYS</subfield>
    <subfield code="c">17</subfield>
    <subfield code="d">2022-07-01</subfield>
    <subfield code="h">Vol. 39, N&#xBA; 79 - jul./dic. 2022</subfield>
    <subfield code="l">0</subfield>
    <subfield code="o">H330 EST 79</subfield>
    <subfield code="p">R09748</subfield>
    <subfield code="r">2026-04-10 16:06:51</subfield>
    <subfield code="w">2026-04-10</subfield>
    <subfield code="y">RN</subfield>
  </datafield>
  <datafield tag="952" ind1=" " ind2=" ">
    <subfield code="0">0</subfield>
    <subfield code="1">0</subfield>
    <subfield code="4">0</subfield>
    <subfield code="7">0</subfield>
    <subfield code="a">BCEJYS</subfield>
    <subfield code="b">BCEJYS</subfield>
    <subfield code="c">17</subfield>
    <subfield code="d">2022-01-01</subfield>
    <subfield code="h">Vol. 39, N&#xBA; 78 - ene./jun. 2022</subfield>
    <subfield code="l">0</subfield>
    <subfield code="o">H330 EST 78</subfield>
    <subfield code="p">R10475</subfield>
    <subfield code="r">2026-04-10 16:06:51</subfield>
    <subfield code="w">2026-04-10</subfield>
    <subfield code="y">RN</subfield>
  </datafield>
  <datafield tag="952" ind1=" " ind2=" ">
    <subfield code="0">0</subfield>
    <subfield code="1">0</subfield>
    <subfield code="4">0</subfield>
    <subfield code="7">0</subfield>
    <subfield code="a">BCEJYS</subfield>
    <subfield code="b">BCEJYS</subfield>
    <subfield code="c">17</subfield>
    <subfield code="d">2021-07-01</subfield>
    <subfield code="h">Vol. 38, N&#xBA; 77 - jul./dic. 2021</subfield>
    <subfield code="l">0</subfield>
    <subfield code="o">H330 EST 77</subfield>
    <subfield code="p">R10474</subfield>
    <subfield code="r">2026-04-10 16:06:51</subfield>
    <subfield code="w">2026-04-10</subfield>
    <subfield code="y">RN</subfield>
  </datafield>
  <datafield tag="952" ind1=" " ind2=" ">
    <subfield code="0">0</subfield>
    <subfield code="1">0</subfield>
    <subfield code="4">0</subfield>
    <subfield code="7">0</subfield>
    <subfield code="a">BCEJYS</subfield>
    <subfield code="b">BCEJYS</subfield>
    <subfield code="c">17</subfield>
    <subfield code="d">2021-01-01</subfield>
    <subfield code="h">Vol. 38, N&#xBA; 76 - ene./jun. 2021</subfield>
    <subfield code="l">0</subfield>
    <subfield code="o">H330 EST 76</subfield>
    <subfield code="p">R10464</subfield>
    <subfield code="r">2026-04-10 16:06:51</subfield>
    <subfield code="w">2026-04-10</subfield>
    <subfield code="y">RN</subfield>
  </datafield>
  <datafield tag="952" ind1=" " ind2=" ">
    <subfield code="0">0</subfield>
    <subfield code="1">0</subfield>
    <subfield code="4">0</subfield>
    <subfield code="7">0</subfield>
    <subfield code="a">BCEJYS</subfield>
    <subfield code="b">BCEJYS</subfield>
    <subfield code="c">17</subfield>
    <subfield code="d">2020-07-01</subfield>
    <subfield code="h">Vol. 37, N&#xBA; 75 - jul./dic. 2020</subfield>
    <subfield code="l">0</subfield>
    <subfield code="o">H330 EST 75</subfield>
    <subfield code="p">R14110</subfield>
    <subfield code="r">2026-04-10 16:06:51</subfield>
    <subfield code="w">2026-04-10</subfield>
    <subfield code="y">RN</subfield>
  </datafield>
  <datafield tag="952" ind1=" " ind2=" ">
    <subfield code="0">0</subfield>
    <subfield code="1">0</subfield>
    <subfield code="4">0</subfield>
    <subfield code="7">0</subfield>
    <subfield code="a">BCEJYS</subfield>
    <subfield code="b">BCEJYS</subfield>
    <subfield code="c">17</subfield>
    <subfield code="d">2020-01-01</subfield>
    <subfield code="h">Vol. 37, N&#xBA; 74 - ene./jun. 2020</subfield>
    <subfield code="l">0</subfield>
    <subfield code="o">H330 EST 74</subfield>
    <subfield code="p">R14109</subfield>
    <subfield code="r">2026-04-10 16:06:51</subfield>
    <subfield code="w">2026-04-10</subfield>
    <subfield code="y">RN</subfield>
  </datafield>
  <datafield tag="952" ind1=" " ind2=" ">
    <subfield code="0">0</subfield>
    <subfield code="1">0</subfield>
    <subfield code="4">0</subfield>
    <subfield code="7">0</subfield>
    <subfield code="a">BCEJYS</subfield>
    <subfield code="b">BCEJYS</subfield>
    <subfield code="c">17</subfield>
    <subfield code="d">2019-07-01</subfield>
    <subfield code="h">Vol. 36, N&#xBA; 73 - jul./dic. 2019</subfield>
    <subfield code="l">0</subfield>
    <subfield code="o">H330 EST 73</subfield>
    <subfield code="p">R14125</subfield>
    <subfield code="r">2026-04-10 16:06:51</subfield>
    <subfield code="w">2026-04-10</subfield>
    <subfield code="y">RN</subfield>
  </datafield>
  <datafield tag="952" ind1=" " ind2=" ">
    <subfield code="0">0</subfield>
    <subfield code="1">0</subfield>
    <subfield code="4">0</subfield>
    <subfield code="7">0</subfield>
    <subfield code="a">BCEJYS</subfield>
    <subfield code="b">BCEJYS</subfield>
    <subfield code="c">17</subfield>
    <subfield code="d">2019-01-01</subfield>
    <subfield code="h">Vol. 36, N&#xBA; 72 - ene./jun. 2019</subfield>
    <subfield code="l">0</subfield>
    <subfield code="o">H330 EST 72</subfield>
    <subfield code="p">R22290</subfield>
    <subfield code="r">2026-04-10 16:06:51</subfield>
    <subfield code="w">2026-04-10</subfield>
    <subfield code="y">RN</subfield>
  </datafield>
  <datafield tag="952" ind1=" " ind2=" ">
    <subfield code="0">0</subfield>
    <subfield code="1">0</subfield>
    <subfield code="4">0</subfield>
    <subfield code="7">0</subfield>
    <subfield code="a">BCEJYS</subfield>
    <subfield code="b">BCEJYS</subfield>
    <subfield code="c">17</subfield>
    <subfield code="d">2018-07-01</subfield>
    <subfield code="h">Vol. 35, N&#xBA; 71 - jul./dic. 2018</subfield>
    <subfield code="l">0</subfield>
    <subfield code="o">H330 EST 71</subfield>
    <subfield code="p">R22183</subfield>
    <subfield code="r">2026-04-10 16:06:51</subfield>
    <subfield code="w">2026-04-10</subfield>
    <subfield code="y">RN</subfield>
  </datafield>
  <datafield tag="952" ind1=" " ind2=" ">
    <subfield code="0">0</subfield>
    <subfield code="1">0</subfield>
    <subfield code="4">0</subfield>
    <subfield code="7">0</subfield>
    <subfield code="a">BCEJYS</subfield>
    <subfield code="b">BCEJYS</subfield>
    <subfield code="c">17</subfield>
    <subfield code="d">2018-01-01</subfield>
    <subfield code="h">Vol. 35, N&#xBA; 70 - ene./jun. 2018</subfield>
    <subfield code="l">0</subfield>
    <subfield code="o">H330 EST 70</subfield>
    <subfield code="p">R22182</subfield>
    <subfield code="r">2026-04-10 16:06:51</subfield>
    <subfield code="w">2026-04-10</subfield>
    <subfield code="y">RN</subfield>
  </datafield>
  <datafield tag="952" ind1=" " ind2=" ">
    <subfield code="0">0</subfield>
    <subfield code="1">0</subfield>
    <subfield code="4">0</subfield>
    <subfield code="7">0</subfield>
    <subfield code="a">BCEJYS</subfield>
    <subfield code="b">BCEJYS</subfield>
    <subfield code="c">17</subfield>
    <subfield code="d">2017-07-01</subfield>
    <subfield code="h">Vol. 34, N&#xBA; 69 - jul./dic. 2017</subfield>
    <subfield code="l">0</subfield>
    <subfield code="o">H330 EST 69</subfield>
    <subfield code="p">R21740</subfield>
    <subfield code="r">2026-04-10 16:06:51</subfield>
    <subfield code="w">2026-04-10</subfield>
    <subfield code="y">RN</subfield>
  </datafield>
  <datafield tag="952" ind1=" " ind2=" ">
    <subfield code="0">0</subfield>
    <subfield code="1">0</subfield>
    <subfield code="4">0</subfield>
    <subfield code="7">0</subfield>
    <subfield code="a">BCEJYS</subfield>
    <subfield code="b">BCEJYS</subfield>
    <subfield code="c">17</subfield>
    <subfield code="d">2017-01-01</subfield>
    <subfield code="h">Vol. 34, N&#xBA; 68 - ene./jun. 2017</subfield>
    <subfield code="l">0</subfield>
    <subfield code="o">H330 EST 68</subfield>
    <subfield code="p">R21739</subfield>
    <subfield code="r">2026-04-10 16:06:52</subfield>
    <subfield code="w">2026-04-10</subfield>
    <subfield code="y">RN</subfield>
  </datafield>
  <datafield tag="952" ind1=" " ind2=" ">
    <subfield code="0">0</subfield>
    <subfield code="1">0</subfield>
    <subfield code="4">0</subfield>
    <subfield code="7">0</subfield>
    <subfield code="a">BCEJYS</subfield>
    <subfield code="b">BCEJYS</subfield>
    <subfield code="c">17</subfield>
    <subfield code="d">2016-07-01</subfield>
    <subfield code="h">Vol. 33, N&#xBA; 67 - jul./dic. 2016</subfield>
    <subfield code="l">0</subfield>
    <subfield code="o">H330 EST 67</subfield>
    <subfield code="p">R20753</subfield>
    <subfield code="r">2026-04-10 16:06:52</subfield>
    <subfield code="w">2026-04-10</subfield>
    <subfield code="y">RN</subfield>
  </datafield>
  <datafield tag="952" ind1=" " ind2=" ">
    <subfield code="0">0</subfield>
    <subfield code="1">0</subfield>
    <subfield code="4">0</subfield>
    <subfield code="7">0</subfield>
    <subfield code="a">BCEJYS</subfield>
    <subfield code="b">BCEJYS</subfield>
    <subfield code="c">17</subfield>
    <subfield code="d">2016-01-01</subfield>
    <subfield code="h">Vol. 33, N&#xBA; 66 - ene./jun. 2016</subfield>
    <subfield code="l">0</subfield>
    <subfield code="o">H330 EST 66</subfield>
    <subfield code="p">R20752</subfield>
    <subfield code="r">2026-04-10 16:06:52</subfield>
    <subfield code="w">2026-04-10</subfield>
    <subfield code="y">RN</subfield>
  </datafield>
  <datafield tag="952" ind1=" " ind2=" ">
    <subfield code="0">0</subfield>
    <subfield code="1">0</subfield>
    <subfield code="4">0</subfield>
    <subfield code="7">0</subfield>
    <subfield code="a">BCEJYS</subfield>
    <subfield code="b">BCEJYS</subfield>
    <subfield code="c">17</subfield>
    <subfield code="d">2015-07-01</subfield>
    <subfield code="h">Vol. 32, N&#xBA; 65 - jul./dic. 2015</subfield>
    <subfield code="l">0</subfield>
    <subfield code="o">H330 EST 65</subfield>
    <subfield code="p">R20313</subfield>
    <subfield code="r">2026-04-10 16:06:52</subfield>
    <subfield code="w">2026-04-10</subfield>
    <subfield code="y">RN</subfield>
  </datafield>
  <datafield tag="952" ind1=" " ind2=" ">
    <subfield code="0">0</subfield>
    <subfield code="1">0</subfield>
    <subfield code="4">0</subfield>
    <subfield code="7">0</subfield>
    <subfield code="a">BCEJYS</subfield>
    <subfield code="b">BCEJYS</subfield>
    <subfield code="c">17</subfield>
    <subfield code="d">2015-01-01</subfield>
    <subfield code="h">Vol. 32, N&#xBA; 64 - ene./jun. 2015</subfield>
    <subfield code="l">0</subfield>
    <subfield code="o">H330 EST 64</subfield>
    <subfield code="p">R18125</subfield>
    <subfield code="r">2026-04-10 16:06:52</subfield>
    <subfield code="w">2026-04-10</subfield>
    <subfield code="y">RN</subfield>
  </datafield>
  <datafield tag="952" ind1=" " ind2=" ">
    <subfield code="0">0</subfield>
    <subfield code="1">0</subfield>
    <subfield code="4">0</subfield>
    <subfield code="7">0</subfield>
    <subfield code="a">BCEJYS</subfield>
    <subfield code="b">BCEJYS</subfield>
    <subfield code="c">17</subfield>
    <subfield code="d">2014-07-01</subfield>
    <subfield code="h">Vol. 31, N&#xBA; 63 - jul./dic. 2014</subfield>
    <subfield code="l">0</subfield>
    <subfield code="o">H330 EST 63</subfield>
    <subfield code="p">R14686</subfield>
    <subfield code="r">2026-04-10 16:06:52</subfield>
    <subfield code="w">2026-04-10</subfield>
    <subfield code="y">RN</subfield>
  </datafield>
  <datafield tag="952" ind1=" " ind2=" ">
    <subfield code="0">0</subfield>
    <subfield code="1">0</subfield>
    <subfield code="4">0</subfield>
    <subfield code="7">0</subfield>
    <subfield code="a">BCEJYS</subfield>
    <subfield code="b">BCEJYS</subfield>
    <subfield code="c">17</subfield>
    <subfield code="d">2014-01-01</subfield>
    <subfield code="h">Vol. 31, N&#xBA; 62 - ene./jun. 2014</subfield>
    <subfield code="l">0</subfield>
    <subfield code="o">H330 EST 62</subfield>
    <subfield code="p">R14685</subfield>
    <subfield code="r">2026-04-10 16:06:52</subfield>
    <subfield code="w">2026-04-10</subfield>
    <subfield code="y">RN</subfield>
  </datafield>
  <datafield tag="952" ind1=" " ind2=" ">
    <subfield code="0">0</subfield>
    <subfield code="1">0</subfield>
    <subfield code="4">0</subfield>
    <subfield code="7">0</subfield>
    <subfield code="a">BCEJYS</subfield>
    <subfield code="b">BCEJYS</subfield>
    <subfield code="c">17</subfield>
    <subfield code="d">2013-07-01</subfield>
    <subfield code="h">Vol.30, N&#xBA; 61 - jul./dic. 2013</subfield>
    <subfield code="l">0</subfield>
    <subfield code="o">H330 EST 61</subfield>
    <subfield code="p">R10317</subfield>
    <subfield code="r">2026-04-10 16:06:52</subfield>
    <subfield code="w">2026-04-10</subfield>
    <subfield code="y">RN</subfield>
  </datafield>
  <datafield tag="952" ind1=" " ind2=" ">
    <subfield code="0">0</subfield>
    <subfield code="1">0</subfield>
    <subfield code="4">0</subfield>
    <subfield code="7">0</subfield>
    <subfield code="a">BCEJYS</subfield>
    <subfield code="b">BCEJYS</subfield>
    <subfield code="c">17</subfield>
    <subfield code="d">2013-01-01</subfield>
    <subfield code="h">Vol.30, N&#xBA; 60 - ene./jun. 2013</subfield>
    <subfield code="l">0</subfield>
    <subfield code="o">H330 EST 60</subfield>
    <subfield code="p">R10316</subfield>
    <subfield code="r">2026-04-10 16:06:52</subfield>
    <subfield code="w">2026-04-10</subfield>
    <subfield code="y">RN</subfield>
  </datafield>
  <datafield tag="952" ind1=" " ind2=" ">
    <subfield code="0">0</subfield>
    <subfield code="1">0</subfield>
    <subfield code="4">0</subfield>
    <subfield code="7">0</subfield>
    <subfield code="a">BCEJYS</subfield>
    <subfield code="b">BCEJYS</subfield>
    <subfield code="c">17</subfield>
    <subfield code="d">2012-07-01</subfield>
    <subfield code="h">Vol. 29, N&#xBA; 59 - jul./dic. 2012</subfield>
    <subfield code="l">0</subfield>
    <subfield code="o">H330 EST 59</subfield>
    <subfield code="p">R05965</subfield>
    <subfield code="r">2026-04-10 16:06:52</subfield>
    <subfield code="w">2026-04-10</subfield>
    <subfield code="y">RN</subfield>
  </datafield>
  <datafield tag="952" ind1=" " ind2=" ">
    <subfield code="0">0</subfield>
    <subfield code="1">0</subfield>
    <subfield code="4">0</subfield>
    <subfield code="7">0</subfield>
    <subfield code="a">BCEJYS</subfield>
    <subfield code="b">BCEJYS</subfield>
    <subfield code="c">17</subfield>
    <subfield code="d">2012-01-01</subfield>
    <subfield code="h">Vol. 29, N&#xBA; 58 - ene./jun. 2012</subfield>
    <subfield code="l">0</subfield>
    <subfield code="o">H330 EST 58</subfield>
    <subfield code="p">R05964</subfield>
    <subfield code="r">2026-04-10 16:06:52</subfield>
    <subfield code="w">2026-04-10</subfield>
    <subfield code="y">RN</subfield>
  </datafield>
  <datafield tag="952" ind1=" " ind2=" ">
    <subfield code="0">0</subfield>
    <subfield code="1">0</subfield>
    <subfield code="4">0</subfield>
    <subfield code="7">0</subfield>
    <subfield code="a">BCEJYS</subfield>
    <subfield code="b">BCEJYS</subfield>
    <subfield code="c">17</subfield>
    <subfield code="d">2011-07-01</subfield>
    <subfield code="h">Vol. 28, N&#xBA; 57 - jul./dic. 2011</subfield>
    <subfield code="l">0</subfield>
    <subfield code="o">H330 EST 57</subfield>
    <subfield code="p">R05727</subfield>
    <subfield code="r">2026-04-10 16:06:52</subfield>
    <subfield code="w">2026-04-10</subfield>
    <subfield code="y">RN</subfield>
  </datafield>
  <datafield tag="952" ind1=" " ind2=" ">
    <subfield code="0">0</subfield>
    <subfield code="1">0</subfield>
    <subfield code="4">0</subfield>
    <subfield code="7">0</subfield>
    <subfield code="a">BCEJYS</subfield>
    <subfield code="b">BCEJYS</subfield>
    <subfield code="c">17</subfield>
    <subfield code="d">2011-01-01</subfield>
    <subfield code="h">Vol. 28, N&#xBA; 56 - ene./jun. 2011</subfield>
    <subfield code="l">0</subfield>
    <subfield code="o">H330 EST 56</subfield>
    <subfield code="p">R05726</subfield>
    <subfield code="r">2026-04-10 16:06:52</subfield>
    <subfield code="w">2026-04-10</subfield>
    <subfield code="y">RN</subfield>
  </datafield>
  <datafield tag="952" ind1=" " ind2=" ">
    <subfield code="0">0</subfield>
    <subfield code="1">0</subfield>
    <subfield code="4">0</subfield>
    <subfield code="7">0</subfield>
    <subfield code="a">BCEJYS</subfield>
    <subfield code="b">BCEJYS</subfield>
    <subfield code="c">17</subfield>
    <subfield code="d">2010-07-01</subfield>
    <subfield code="h">Vol. 27, N&#xBA; 55 - jul./dic. 2010</subfield>
    <subfield code="l">0</subfield>
    <subfield code="o">H330 EST 55</subfield>
    <subfield code="p">R04187</subfield>
    <subfield code="r">2026-04-10 16:06:52</subfield>
    <subfield code="w">2026-04-10</subfield>
    <subfield code="y">RN</subfield>
  </datafield>
  <datafield tag="952" ind1=" " ind2=" ">
    <subfield code="0">0</subfield>
    <subfield code="1">0</subfield>
    <subfield code="4">0</subfield>
    <subfield code="7">0</subfield>
    <subfield code="a">BCEJYS</subfield>
    <subfield code="b">BCEJYS</subfield>
    <subfield code="c">17</subfield>
    <subfield code="d">2010-01-01</subfield>
    <subfield code="h">Vol. 27, N&#xBA; 54 - ene./jun. 2010</subfield>
    <subfield code="l">0</subfield>
    <subfield code="o">H330 EST 54</subfield>
    <subfield code="p">R04186</subfield>
    <subfield code="r">2026-04-10 16:06:52</subfield>
    <subfield code="w">2026-04-10</subfield>
    <subfield code="y">RN</subfield>
  </datafield>
  <datafield tag="952" ind1=" " ind2=" ">
    <subfield code="0">0</subfield>
    <subfield code="1">0</subfield>
    <subfield code="4">0</subfield>
    <subfield code="7">0</subfield>
    <subfield code="a">BCEJYS</subfield>
    <subfield code="b">BCEJYS</subfield>
    <subfield code="c">17</subfield>
    <subfield code="d">2009-07-01</subfield>
    <subfield code="h">Vol. 26, N&#xBA; 53 - jul./dic. 2009</subfield>
    <subfield code="l">0</subfield>
    <subfield code="o">H330 EST 53</subfield>
    <subfield code="p">R04185</subfield>
    <subfield code="r">2026-04-10 16:06:52</subfield>
    <subfield code="w">2026-04-10</subfield>
    <subfield code="y">RN</subfield>
  </datafield>
  <datafield tag="952" ind1=" " ind2=" ">
    <subfield code="0">0</subfield>
    <subfield code="1">0</subfield>
    <subfield code="4">0</subfield>
    <subfield code="7">0</subfield>
    <subfield code="a">BCEJYS</subfield>
    <subfield code="b">BCEJYS</subfield>
    <subfield code="c">17</subfield>
    <subfield code="d">2009-01-01</subfield>
    <subfield code="h">Vol. 26, N&#xBA; 52 - ene./jun. 2009</subfield>
    <subfield code="l">0</subfield>
    <subfield code="o">H330 EST 52</subfield>
    <subfield code="p">R04184</subfield>
    <subfield code="r">2026-04-10 16:06:52</subfield>
    <subfield code="w">2026-04-10</subfield>
    <subfield code="y">RN</subfield>
  </datafield>
  <datafield tag="952" ind1=" " ind2=" ">
    <subfield code="0">0</subfield>
    <subfield code="1">0</subfield>
    <subfield code="4">0</subfield>
    <subfield code="7">0</subfield>
    <subfield code="a">BCEJYS</subfield>
    <subfield code="b">BCEJYS</subfield>
    <subfield code="c">17</subfield>
    <subfield code="d">2008-07-01</subfield>
    <subfield code="h">Vol. 25, N&#xBA; 51 - jul./dic. 2008</subfield>
    <subfield code="l">0</subfield>
    <subfield code="o">H330 EST 51</subfield>
    <subfield code="p">R04183</subfield>
    <subfield code="r">2026-04-10 16:06:52</subfield>
    <subfield code="w">2026-04-10</subfield>
    <subfield code="y">RN</subfield>
  </datafield>
  <datafield tag="952" ind1=" " ind2=" ">
    <subfield code="0">0</subfield>
    <subfield code="1">0</subfield>
    <subfield code="4">0</subfield>
    <subfield code="7">0</subfield>
    <subfield code="a">BCEJYS</subfield>
    <subfield code="b">BCEJYS</subfield>
    <subfield code="c">17</subfield>
    <subfield code="d">2008-01-01</subfield>
    <subfield code="h">Vol. 25, N&#xBA; 50 - ene./jun. 2008</subfield>
    <subfield code="l">0</subfield>
    <subfield code="o">H330 EST 50</subfield>
    <subfield code="p">R04182</subfield>
    <subfield code="r">2026-04-10 16:06:52</subfield>
    <subfield code="w">2026-04-10</subfield>
    <subfield code="y">RN</subfield>
  </datafield>
  <datafield tag="952" ind1=" " ind2=" ">
    <subfield code="0">0</subfield>
    <subfield code="1">0</subfield>
    <subfield code="4">0</subfield>
    <subfield code="7">0</subfield>
    <subfield code="a">BCEJYS</subfield>
    <subfield code="b">BCEJYS</subfield>
    <subfield code="c">17</subfield>
    <subfield code="d">2007-07-01</subfield>
    <subfield code="h">Vol. 24, N&#xBA; 49 - jul./dic. 2007</subfield>
    <subfield code="l">0</subfield>
    <subfield code="o">H330 EST 49</subfield>
    <subfield code="p">R02267</subfield>
    <subfield code="r">2026-04-10 16:06:52</subfield>
    <subfield code="w">2026-04-10</subfield>
    <subfield code="y">RN</subfield>
  </datafield>
  <datafield tag="952" ind1=" " ind2=" ">
    <subfield code="0">0</subfield>
    <subfield code="1">0</subfield>
    <subfield code="4">0</subfield>
    <subfield code="7">0</subfield>
    <subfield code="a">BCEJYS</subfield>
    <subfield code="b">BCEJYS</subfield>
    <subfield code="c">17</subfield>
    <subfield code="d">2007-01-01</subfield>
    <subfield code="h">Vol. 24, N&#xBA; 48 - ene./jun. 2007</subfield>
    <subfield code="l">0</subfield>
    <subfield code="o">H330 EST 48</subfield>
    <subfield code="p">R02268</subfield>
    <subfield code="r">2026-04-10 16:06:52</subfield>
    <subfield code="w">2026-04-10</subfield>
    <subfield code="y">RN</subfield>
  </datafield>
  <datafield tag="952" ind1=" " ind2=" ">
    <subfield code="0">0</subfield>
    <subfield code="1">0</subfield>
    <subfield code="4">0</subfield>
    <subfield code="7">0</subfield>
    <subfield code="a">BCEJYS</subfield>
    <subfield code="b">BCEJYS</subfield>
    <subfield code="c">17</subfield>
    <subfield code="d">2006-07-01</subfield>
    <subfield code="h">Vol. 23, N&#xBA; 47 - jul./dic. 2006</subfield>
    <subfield code="l">0</subfield>
    <subfield code="o">H330 EST 47</subfield>
    <subfield code="p">R04181</subfield>
    <subfield code="r">2026-04-10 16:06:52</subfield>
    <subfield code="w">2026-04-10</subfield>
    <subfield code="y">RN</subfield>
  </datafield>
  <datafield tag="952" ind1=" " ind2=" ">
    <subfield code="0">0</subfield>
    <subfield code="1">0</subfield>
    <subfield code="4">0</subfield>
    <subfield code="7">0</subfield>
    <subfield code="a">BCEJYS</subfield>
    <subfield code="b">BCEJYS</subfield>
    <subfield code="c">17</subfield>
    <subfield code="d">2006-01-01</subfield>
    <subfield code="h">Vol. 23, N&#xBA; 46 - ene./jun. 2006</subfield>
    <subfield code="l">0</subfield>
    <subfield code="o">H330 EST 46</subfield>
    <subfield code="p">R04180</subfield>
    <subfield code="r">2026-04-10 16:06:52</subfield>
    <subfield code="w">2026-04-10</subfield>
    <subfield code="y">RN</subfield>
  </datafield>
  <datafield tag="952" ind1=" " ind2=" ">
    <subfield code="0">0</subfield>
    <subfield code="1">0</subfield>
    <subfield code="4">0</subfield>
    <subfield code="7">0</subfield>
    <subfield code="a">BCEJYS</subfield>
    <subfield code="b">BCEJYS</subfield>
    <subfield code="c">17</subfield>
    <subfield code="d">2005-07-01</subfield>
    <subfield code="h">Vol. 22, N&#xBA; 45 - jul./dic. 2005</subfield>
    <subfield code="l">0</subfield>
    <subfield code="o">H330 EST 45</subfield>
    <subfield code="p">R04179</subfield>
    <subfield code="r">2026-04-10 16:06:52</subfield>
    <subfield code="w">2026-04-10</subfield>
    <subfield code="y">RN</subfield>
  </datafield>
  <datafield tag="952" ind1=" " ind2=" ">
    <subfield code="0">0</subfield>
    <subfield code="1">0</subfield>
    <subfield code="4">0</subfield>
    <subfield code="7">0</subfield>
    <subfield code="a">BCEJYS</subfield>
    <subfield code="b">BCEJYS</subfield>
    <subfield code="c">17</subfield>
    <subfield code="d">2005-01-01</subfield>
    <subfield code="h">Vol. 22, N&#xBA; 44 - ene./jun. 2005</subfield>
    <subfield code="l">0</subfield>
    <subfield code="o">H330 EST 44</subfield>
    <subfield code="p">R04178</subfield>
    <subfield code="r">2026-04-10 16:06:52</subfield>
    <subfield code="w">2026-04-10</subfield>
    <subfield code="y">RN</subfield>
  </datafield>
  <datafield tag="952" ind1=" " ind2=" ">
    <subfield code="0">0</subfield>
    <subfield code="1">0</subfield>
    <subfield code="4">0</subfield>
    <subfield code="7">0</subfield>
    <subfield code="a">BCEJYS</subfield>
    <subfield code="b">BCEJYS</subfield>
    <subfield code="c">17</subfield>
    <subfield code="d">2004-07-01</subfield>
    <subfield code="h">Vol. 21, N&#xBA; 43 - jul./dic. 2004</subfield>
    <subfield code="l">0</subfield>
    <subfield code="o">H330 EST 43</subfield>
    <subfield code="p">R01735</subfield>
    <subfield code="r">2026-04-10 16:06:52</subfield>
    <subfield code="w">2026-04-10</subfield>
    <subfield code="y">RN</subfield>
  </datafield>
  <datafield tag="952" ind1=" " ind2=" ">
    <subfield code="0">0</subfield>
    <subfield code="1">0</subfield>
    <subfield code="4">0</subfield>
    <subfield code="7">0</subfield>
    <subfield code="a">BCEJYS</subfield>
    <subfield code="b">BCEJYS</subfield>
    <subfield code="c">17</subfield>
    <subfield code="d">2004-01-01</subfield>
    <subfield code="h">Vol. 21, N&#xBA; 42 - ene./jun. 2004</subfield>
    <subfield code="l">0</subfield>
    <subfield code="o">H330 EST 42</subfield>
    <subfield code="p">R01734</subfield>
    <subfield code="r">2026-04-10 16:06:52</subfield>
    <subfield code="w">2026-04-10</subfield>
    <subfield code="y">RN</subfield>
  </datafield>
  <datafield tag="952" ind1=" " ind2=" ">
    <subfield code="0">0</subfield>
    <subfield code="1">0</subfield>
    <subfield code="4">0</subfield>
    <subfield code="7">0</subfield>
    <subfield code="a">BCEJYS</subfield>
    <subfield code="b">BCEJYS</subfield>
    <subfield code="c">17</subfield>
    <subfield code="d">2003-01-01</subfield>
    <subfield code="h">Vol. 20, N&#xBA; 41 - ene./dic. 2003</subfield>
    <subfield code="l">0</subfield>
    <subfield code="o">H330 EST 41</subfield>
    <subfield code="p">R00225</subfield>
    <subfield code="r">2026-04-10 16:06:52</subfield>
    <subfield code="w">2026-04-10</subfield>
    <subfield code="y">RN</subfield>
  </datafield>
  <datafield tag="952" ind1=" " ind2=" ">
    <subfield code="0">0</subfield>
    <subfield code="1">0</subfield>
    <subfield code="4">0</subfield>
    <subfield code="7">0</subfield>
    <subfield code="a">BCEJYS</subfield>
    <subfield code="b">BCEJYS</subfield>
    <subfield code="c">17</subfield>
    <subfield code="d">2002-01-01</subfield>
    <subfield code="h">Vol. 19, N&#xBA; 39/40 - ene./dic. 2002</subfield>
    <subfield code="l">0</subfield>
    <subfield code="o">H330 EST 39/40</subfield>
    <subfield code="p">R00224</subfield>
    <subfield code="r">2026-04-10 16:06:52</subfield>
    <subfield code="w">2026-04-10</subfield>
    <subfield code="y">RN</subfield>
  </datafield>
  <datafield tag="952" ind1=" " ind2=" ">
    <subfield code="0">0</subfield>
    <subfield code="1">0</subfield>
    <subfield code="4">0</subfield>
    <subfield code="7">0</subfield>
    <subfield code="a">BCEJYS</subfield>
    <subfield code="b">BCEJYS</subfield>
    <subfield code="c">17</subfield>
    <subfield code="d">2001-07-01</subfield>
    <subfield code="h">Vol. 18, N&#xBA; 38 - jul./dic. 2001</subfield>
    <subfield code="l">0</subfield>
    <subfield code="o">H330 EST 38</subfield>
    <subfield code="p">R00223</subfield>
    <subfield code="r">2026-04-10 16:06:52</subfield>
    <subfield code="w">2026-04-10</subfield>
    <subfield code="y">RN</subfield>
  </datafield>
  <datafield tag="952" ind1=" " ind2=" ">
    <subfield code="0">0</subfield>
    <subfield code="1">0</subfield>
    <subfield code="4">0</subfield>
    <subfield code="7">0</subfield>
    <subfield code="a">BCEJYS</subfield>
    <subfield code="b">BCEJYS</subfield>
    <subfield code="c">17</subfield>
    <subfield code="d">2001-07-01</subfield>
    <subfield code="h">Vol. 17, N&#xBA; 36/37 - jul./dic. 2000</subfield>
    <subfield code="l">0</subfield>
    <subfield code="o">H330 EST 36/37</subfield>
    <subfield code="p">R00222</subfield>
    <subfield code="r">2026-04-10 16:06:52</subfield>
    <subfield code="w">2026-04-10</subfield>
    <subfield code="y">RN</subfield>
  </datafield>
  <datafield tag="952" ind1=" " ind2=" ">
    <subfield code="0">0</subfield>
    <subfield code="1">0</subfield>
    <subfield code="4">0</subfield>
    <subfield code="7">0</subfield>
    <subfield code="a">BCEJYS</subfield>
    <subfield code="b">BCEJYS</subfield>
    <subfield code="c">17</subfield>
    <subfield code="d">2000-01-01</subfield>
    <subfield code="h">Vol. 16, N&#xBA; 35 - ene./jun. 2000</subfield>
    <subfield code="l">0</subfield>
    <subfield code="o">H330 EST 35</subfield>
    <subfield code="p">R00221</subfield>
    <subfield code="r">2026-04-10 16:06:52</subfield>
    <subfield code="w">2026-04-10</subfield>
    <subfield code="y">RN</subfield>
  </datafield>
  <datafield tag="952" ind1=" " ind2=" ">
    <subfield code="0">0</subfield>
    <subfield code="1">0</subfield>
    <subfield code="4">0</subfield>
    <subfield code="7">0</subfield>
    <subfield code="a">BCEJYS</subfield>
    <subfield code="b">BCEJYS</subfield>
    <subfield code="c">17</subfield>
    <subfield code="d">1999-01-01</subfield>
    <subfield code="h">Vol. 15, N&#xBA; 33/34 - ene./dic. 1999</subfield>
    <subfield code="l">0</subfield>
    <subfield code="o">H330 EST 33/34</subfield>
    <subfield code="p">R01566</subfield>
    <subfield code="r">2026-04-10 16:06:52</subfield>
    <subfield code="w">2026-04-10</subfield>
    <subfield code="y">RN</subfield>
  </datafield>
  <datafield tag="952" ind1=" " ind2=" ">
    <subfield code="0">0</subfield>
    <subfield code="1">0</subfield>
    <subfield code="4">0</subfield>
    <subfield code="7">0</subfield>
    <subfield code="a">BCEJYS</subfield>
    <subfield code="b">BCEJYS</subfield>
    <subfield code="c">17</subfield>
    <subfield code="d">1998-01-01</subfield>
    <subfield code="h">Vol. 14, N&#xBA; 31/32 - ene./dic. 1998</subfield>
    <subfield code="l">0</subfield>
    <subfield code="o">H330 EST 31/32</subfield>
    <subfield code="p">R01565</subfield>
    <subfield code="r">2026-04-10 16:06:52</subfield>
    <subfield code="w">2026-04-10</subfield>
    <subfield code="y">RN</subfield>
  </datafield>
  <datafield tag="952" ind1=" " ind2=" ">
    <subfield code="0">0</subfield>
    <subfield code="1">0</subfield>
    <subfield code="4">0</subfield>
    <subfield code="7">0</subfield>
    <subfield code="a">BCEJYS</subfield>
    <subfield code="b">BCEJYS</subfield>
    <subfield code="c">17</subfield>
    <subfield code="d">1997-01-01</subfield>
    <subfield code="h">Vol. 13, N&#xBA; 29/30 - ene./dic. 1997</subfield>
    <subfield code="l">0</subfield>
    <subfield code="o">H330 EST 29/30</subfield>
    <subfield code="p">R01564</subfield>
    <subfield code="r">2026-04-10 16:06:52</subfield>
    <subfield code="w">2026-04-10</subfield>
    <subfield code="y">RN</subfield>
  </datafield>
  <datafield tag="952" ind1=" " ind2=" ">
    <subfield code="0">0</subfield>
    <subfield code="1">0</subfield>
    <subfield code="4">0</subfield>
    <subfield code="7">0</subfield>
    <subfield code="a">BCEJYS</subfield>
    <subfield code="b">BCEJYS</subfield>
    <subfield code="c">17</subfield>
    <subfield code="d">1996-01-01</subfield>
    <subfield code="h">Vol. 12, N&#xBA; 27/28 - ene./dic. 1996</subfield>
    <subfield code="l">0</subfield>
    <subfield code="o">H330 EST 27/28</subfield>
    <subfield code="p">R01563</subfield>
    <subfield code="r">2026-04-10 16:06:52</subfield>
    <subfield code="w">2026-04-10</subfield>
    <subfield code="y">RN</subfield>
  </datafield>
  <datafield tag="952" ind1=" " ind2=" ">
    <subfield code="0">0</subfield>
    <subfield code="1">0</subfield>
    <subfield code="4">0</subfield>
    <subfield code="7">0</subfield>
    <subfield code="a">BCEJYS</subfield>
    <subfield code="b">BCEJYS</subfield>
    <subfield code="c">17</subfield>
    <subfield code="d">1995-01-01</subfield>
    <subfield code="h">Vol. 11, N&#xBA; 25/26 - ene./dic. 1995</subfield>
    <subfield code="l">0</subfield>
    <subfield code="o">H330 EST 25/26</subfield>
    <subfield code="p">R01562</subfield>
    <subfield code="r">2026-04-10 16:06:52</subfield>
    <subfield code="w">2026-04-10</subfield>
    <subfield code="y">RN</subfield>
  </datafield>
  <datafield tag="952" ind1=" " ind2=" ">
    <subfield code="0">0</subfield>
    <subfield code="1">0</subfield>
    <subfield code="4">0</subfield>
    <subfield code="7">0</subfield>
    <subfield code="a">BCEJYS</subfield>
    <subfield code="b">BCEJYS</subfield>
    <subfield code="c">17</subfield>
    <subfield code="d">1994-01-01</subfield>
    <subfield code="h">Vol. 10, N&#xBA; 23/24 - ene./dic. 1994</subfield>
    <subfield code="l">0</subfield>
    <subfield code="o">H330 EST 23/24</subfield>
    <subfield code="p">R04177</subfield>
    <subfield code="r">2026-04-10 16:06:52</subfield>
    <subfield code="w">2026-04-10</subfield>
    <subfield code="y">RN</subfield>
  </datafield>
  <datafield tag="952" ind1=" " ind2=" ">
    <subfield code="0">0</subfield>
    <subfield code="1">0</subfield>
    <subfield code="4">0</subfield>
    <subfield code="7">0</subfield>
    <subfield code="a">BCEJYS</subfield>
    <subfield code="b">BCEJYS</subfield>
    <subfield code="c">17</subfield>
    <subfield code="d">1993-01-01</subfield>
    <subfield code="h">Vol. 9, N&#xBA; 21/22 - ene./dic. 1993</subfield>
    <subfield code="l">0</subfield>
    <subfield code="o">H330 EST 21/22</subfield>
    <subfield code="p">R01567</subfield>
    <subfield code="r">2026-04-10 16:06:52</subfield>
    <subfield code="w">2026-04-10</subfield>
    <subfield code="y">RN</subfield>
  </datafield>
  <datafield tag="952" ind1=" " ind2=" ">
    <subfield code="0">0</subfield>
    <subfield code="1">0</subfield>
    <subfield code="4">0</subfield>
    <subfield code="7">0</subfield>
    <subfield code="a">BCEJYS</subfield>
    <subfield code="b">BCEJYS</subfield>
    <subfield code="c">17</subfield>
    <subfield code="d">1990-01-01</subfield>
    <subfield code="h">Vol. 8, N&#xBA; 15/20 - ene./dic. 1992</subfield>
    <subfield code="l">0</subfield>
    <subfield code="o">H330 EST 15/20</subfield>
    <subfield code="p">R01561</subfield>
    <subfield code="r">2026-04-10 16:06:52</subfield>
    <subfield code="w">2026-04-10</subfield>
    <subfield code="y">RN</subfield>
  </datafield>
  <datafield tag="952" ind1=" " ind2=" ">
    <subfield code="0">0</subfield>
    <subfield code="1">0</subfield>
    <subfield code="4">0</subfield>
    <subfield code="7">0</subfield>
    <subfield code="a">BCEJYS</subfield>
    <subfield code="b">BCEJYS</subfield>
    <subfield code="c">17</subfield>
    <subfield code="d">1989-01-01</subfield>
    <subfield code="h">Vol. 7, N&#xBA; 13/14 - ene./dic. 1989</subfield>
    <subfield code="l">0</subfield>
    <subfield code="o">H330 EST 13/14</subfield>
    <subfield code="p">R04176</subfield>
    <subfield code="r">2026-04-10 16:06:52</subfield>
    <subfield code="w">2026-04-10</subfield>
    <subfield code="y">RN</subfield>
  </datafield>
  <datafield tag="952" ind1=" " ind2=" ">
    <subfield code="0">0</subfield>
    <subfield code="1">0</subfield>
    <subfield code="4">0</subfield>
    <subfield code="7">0</subfield>
    <subfield code="a">BCEJYS</subfield>
    <subfield code="b">BCEJYS</subfield>
    <subfield code="c">17</subfield>
    <subfield code="d">1988-01-01</subfield>
    <subfield code="h">Vol. 6, N&#xBA; 11/12 - ene./dic. 1988</subfield>
    <subfield code="l">0</subfield>
    <subfield code="o">H330 EST 11/12</subfield>
    <subfield code="p">R04175</subfield>
    <subfield code="r">2026-04-10 16:06:52</subfield>
    <subfield code="w">2026-04-10</subfield>
    <subfield code="y">RN</subfield>
  </datafield>
  <datafield tag="952" ind1=" " ind2=" ">
    <subfield code="0">0</subfield>
    <subfield code="1">0</subfield>
    <subfield code="4">0</subfield>
    <subfield code="7">0</subfield>
    <subfield code="a">BCEJYS</subfield>
    <subfield code="b">BCEJYS</subfield>
    <subfield code="c">17</subfield>
    <subfield code="d">1986-01-01</subfield>
    <subfield code="h">Vol. 4, N&#xBA; 7/8 - ene./dic. 1986</subfield>
    <subfield code="l">0</subfield>
    <subfield code="o">H330 EST 7/8</subfield>
    <subfield code="p">R04174</subfield>
    <subfield code="r">2026-04-10 16:06:52</subfield>
    <subfield code="w">2026-04-10</subfield>
    <subfield code="y">RN</subfield>
  </datafield>
  <datafield tag="952" ind1=" " ind2=" ">
    <subfield code="0">0</subfield>
    <subfield code="1">0</subfield>
    <subfield code="4">0</subfield>
    <subfield code="7">0</subfield>
    <subfield code="a">BCEJYS</subfield>
    <subfield code="b">BCEJYS</subfield>
    <subfield code="c">17</subfield>
    <subfield code="d">1984-01-01</subfield>
    <subfield code="h">Vol. 3, N&#xBA; 5/6 - ene./dic. 1984</subfield>
    <subfield code="l">0</subfield>
    <subfield code="o">H330 EST 5/6</subfield>
    <subfield code="p">R04173</subfield>
    <subfield code="r">2026-04-10 16:06:52</subfield>
    <subfield code="w">2026-04-10</subfield>
    <subfield code="y">RN</subfield>
  </datafield>
  <datafield tag="952" ind1=" " ind2=" ">
    <subfield code="0">0</subfield>
    <subfield code="1">0</subfield>
    <subfield code="4">0</subfield>
    <subfield code="7">0</subfield>
    <subfield code="a">BCEJYS</subfield>
    <subfield code="b">BCEJYS</subfield>
    <subfield code="c">17</subfield>
    <subfield code="d">1983-01-01</subfield>
    <subfield code="h">Vol. 2, N&#xBA; 3/4 - ene./dic. 1983</subfield>
    <subfield code="l">0</subfield>
    <subfield code="o">H330 EST 3/4</subfield>
    <subfield code="p">R04172</subfield>
    <subfield code="r">2026-04-10 16:06:52</subfield>
    <subfield code="w">2026-04-10</subfield>
    <subfield code="y">RN</subfield>
  </datafield>
  <datafield tag="952" ind1=" " ind2=" ">
    <subfield code="0">0</subfield>
    <subfield code="1">0</subfield>
    <subfield code="4">0</subfield>
    <subfield code="7">0</subfield>
    <subfield code="a">BCEJYS</subfield>
    <subfield code="b">BCEJYS</subfield>
    <subfield code="c">17</subfield>
    <subfield code="d">1982-01-01</subfield>
    <subfield code="h">Vol. 1, N&#xBA; 1/2 - ene./dic. 1982</subfield>
    <subfield code="l">0</subfield>
    <subfield code="o">H330 EST 1/2</subfield>
    <subfield code="p">R04171</subfield>
    <subfield code="r">2026-04-10 16:06:52</subfield>
    <subfield code="w">2026-04-10</subfield>
    <subfield code="y">RN</subfield>
  </datafield>
</record>
